Most Populated City of Each U.S State - Statistics

General Stats
  • This quiz has been taken 27 times
    18 since last reset
  • The average score is 34 of 51
Answer Stats
Hint Answer % Correct
Illinois (2,664,452) Chicago
94%
California (3,820,914) Los Angeles
94%
New York (8,258,035) New York City
94%
Georgia (510,823) Atlanta
88%
Colorado (716,577) Denver
88%
Texas (2,314,157) Houston
88%
Indiana (879,293) Indianapolis
88%
Missouri (510,704) Kansas City
88%
Oklahoma (702,767) Oklahoma City
88%
Arizona (1,650,070) Phoenix
88%
New Mexico (560,274) Albuquerque
82%
Idaho (235,421) Boise
82%
Massachusetts (653,833) Boston
82%
Hawaii (350,964) Honolulu
82%
Mississippi (143,709) Jackson
82%
Nevada (660,929) Las Vegas
82%
Utah (209,593) Salt Lake City
82%
Washington (755,078) Seattle
82%
Alaska (286,075) Anchorage
76%
Ohio (913,175) Columbus
76%
Michigan (633,218) Detroit
76%
Florida (985,843) Jacksonville
76%
Arkansas (203,842) Little Rock
76%
Wisconsin (561,385) Milwaukee
76%
Minnesota (425,115) Minneapolis
76%
Tennessee (687,788) Nashville
76%
Louisiana (364,136) New Orleans
76%
Pennsylvania (1,550,542) Philadelphia
76%
Maine (69,104) Portland
76%
Oregon (630,498) Portland
76%
Iowa (210,381) Des Moines
71%
Kentucky (622,981) Louisville
71%
Rhode Island (190,792) Providence
65%
Maryland Baltimore
59%
Wyoming (65,168) Cheyenne
59%
South Carolina (155,369) Charleston
53%
West Virginia (46,838) Charleston
53%
North Carolina (911,311) Charlotte
53%
Nebraska (483,335) Omaha
53%
Virginia (453,649) Virginia Beach
47%
Montana (120,864) Billings
41%
North Dakota (133,188) Fargo
41%
New Jersey (304,960) Newark
41%
Kansas (396,119) Wichita
41%
Bonus Question: Where's Mount Rushmore (City) Keystone
35%
South Dakota (206,410) Sioux Falls
35%
Alabama (225,564) Huntsville
29%
Delaware (71,675) Wilmington
29%
Vermont (44,528) Burlington
24%
Connecticut (148,028) Bridgeport
18%
New Hampshire (115,474) Manchester
18%
No matching quizzes found
Score Distribution
Percent of People with Each Score
Percentile by Number Answered
Your Score History
You have not taken this quiz since the last reset